000 00989nac a22002777a 4500
001 BR7908414
003 BR-BrBNA
005 20240105114549.0
008 230509b bl.|||m| |||| 00| 0 por d
040 _aBR-BrBNA
_bpor
_cBiblioteca Nacional de Agricultura
072 _aE15
090 _a2110 BR7908414
100 1 _aFerreira, H.I.S.
110 1 _aComissao Executiva do Plano da Lavoura Cacaueira, Belem, PA (Brasil). Depto. Especial da Amazonia
_92095
245 1 _aGarantia suplementar, instrumento de consolidacao dos novos polos cacaueiros da Amazonia [Brasil]
260 3 _aBelem, PA (Brasil):
_c1979.
300 _a37 p.
490 _aComunicado Tecnico - Comissao Executiva do Plano da Lavoura Cacaueira. Depto. Especial da Amazonia (Brazil)
_vno. 15
_x
650 _aCACAU
650 _aINVESTIMENTO
650 _aECONOMIA AGRICOLA
650 _aCREDITO AGRICOLA
650 _aAMAZONIA
909 _a202312
_bLúcia Elande
_c55
_dLúcia Elande
942 _2AGRIS
_n0
_cMS
999 _c270061
_d270061